Apprendre corps humain Portugais - Statistiques

Statistiques générales
  • Ce quiz a été pris 66 fois
  • Le résultat moyen est 13 sur 37
Statistiques - réponses
Français Portugais % Correct
Corps Corpo
94%
Bouche Boca
71%
Ventre Barriga
65%
Tête Cabeça
65%
Pied
65%
Cheveux Cabelo
61%
Main Mão
58%
Nez Nariz
55%
Doigt Dedo
52%
Dents Dentes
52%
Oeil Olho
48%
Jambe Perna
48%
Barbe Barba
45%
Langue Língua
45%
Oreille Orelha
45%
Moustache Bigode
35%
Peau Pele
35%
Sang Sangue
35%
Dos Costas
32%
Poitrine Peito
32%
Lèvre Lábio
29%
Cou Pescoço
29%
Ongles Unhas
29%
Genou Joelho
26%
Muscles Músculos
26%
Os Ossos
26%
Coude Cotovelo
23%
Visage Rosto
16%
Sein Seio
16%
Sourcil Sobrancelha
16%
Joue Bochecha
13%
Épaule Ombro
13%
Menton Queixo
13%
Front Testa
10%
Talon Calcanhar
6%
Cil Cílio
6%
Fesses Bumbum
3%
Aucun quiz correspondant
Distribution des résultats
% des personnes avec chaque résultat
Percentile par nombre de réponses
Votre historique - résultats
Vous n’avez pas pris ce quiz